The influence of some growth substances and vitamins on wood decomposition by the fungus fomes marginatus (Fr.) gillet (Fr.) gillet

Podrobná bibliografia
Hlavní autori: Rokosová, Věra (Autor), Tichý, Vladimír (Autor)
Médium: Článok
Jazyk:slovenčina
angličtina
Fyzický popis:Obr. 3. Tb. 3. Res. rus. nem.
Predmet:

MARC

LEADER 00000nab a2200000 a 4500
001 vtls000018430
003 SK-MaSNL
005 20260304071301.0
008 250422c1978 xo 0 slo
015 |a SNBRB19rr/mm-uuuuu 
035 |a CL0028524 
035 |a (urnnbn)urn:nbn:sk:snk:ar-003exc 
035 |a (uuid)f0e9fb4c-565f-4e97-8bdb-288245e8b9f1 
035 |a urn:nbn:sk:snk-ab7t5t 
040 |a SNKBUCL  |b slo  |c SNKBUCL  |e AACR2 
041 0 |a eng 
044 |a xo  |c SK 
080 |a 634.0.8  |2 1981 
100 1 |a Rokosová, Věra  |4 aut  |9 1358217 
245 1 4 |a The influence of some growth substances and vitamins on wood decomposition by the fungus fomes marginatus (Fr.) gillet  |b (Fr.) gillet  |c Věra Rokosová, Vladimír Tichý 
300 |b Obr. 3. Tb. 3. Res. rus. nem. 
650 0 7 |a drevo  |2 snkbucl  |9 3560 
650 0 7 |a huba Fomes marginatus  |2 snkbucl  |9 1358218 
655 7 |a články z novín a časopisov  |2 snkbucl  |9 267496 
700 1 |a Tichý, Vladimír  |4 aut  |9 508666 
773 0 |t Drevársky výskum  |g Roč. 23, č. 2 (1978), s. 65-73 
850 |a Slovenská národná knižnica 
852 |a Slovenská národná knižnica 
958 |a article9 
958 |a OND 
958 |a RK 
958 |a EUIPO 
992 |a RBX 
999 |c 2759760  |d 2761690